|
|
|
|
| LEADER |
00721cam a2200217ua 4500 |
| 001 |
231 |
| 005 |
20191212161124.0 |
| 007 |
ta |
| 008 |
080617s1998 g b000 u eng u |
| 041 |
1 |
|
|a eng
|h NULL
|
| 082 |
1 |
4 |
|a 004..68
|b BAS
|
| 100 |
1 |
|
|a Basandra, Suresh K .
|
| 245 |
1 |
0 |
|a Local Area Networks /
|c Suresh K Basandra.
|h Textual Documents
|
| 260 |
|
|
|a New Delhi :
|b Galgotia Publications ,
|c 1998.
|
| 300 |
|
|
|a NULL ;
|c NULL.
|
| 541 |
|
|
|e 01288
|
| 653 |
|
0 |
|a Local Area Networks
|
| 852 |
|
0 |
|t 1
|p DCS01288
|k 004..68
|f 00000
|m BAS
|
| 942 |
|
|
|c BK
|
| 999 |
|
|
|c 236960
|d 236960
|
| 952 |
|
|
|0 0
|1 0
|4 0
|6 004_000000000000000__68
|7 0
|9 251156
|a DCS
|b DCS
|d 2019-12-12
|f 00000
|l 0
|m 0
|o 004..68
|p DCS01288
|r 2019-12-12
|t 1
|w 2019-12-12
|y BK
|